000
00213 a2200109 4500
020
_a
9781426333736
041
_a
spa
100
_a
Alinsky, Shelby
245
_a
Delizate Serpiente
942
_c
BK
952
_7
4
_x
ok
999
_c
25998
_d
25998